| Tag |
First Indicator |
Second Indicator |
Subfields |
| LEADER |
00000cam a2200000 a 4500 |
| 001 |
in00001234935 |
| 005 |
20240821185500.8 |
| 008 |
940202s1994 mdua b 001 0deng |
| 010 |
|
|
|a 94004107
|
| 020 |
|
|
|a 0801848733 (hc : acid-free paper)
|
| 035 |
|
|
|a (OCoLC)29876820
|
| 035 |
|
|
|9 AGS2896AM
|
| 040 |
|
|
|a DLC
|c DLC
|d UtOrBLW
|
| 043 |
|
|
|a u-nz---
|
| 049 |
|
|
|a TXAM
|
| 050 |
0 |
0 |
|a PR9639.3.M258
|b Z587 1994
|
| 082 |
0 |
0 |
|a 823/.912
|2 20
|
| 100 |
1 |
|
|a Burgan, Mary.
|
| 245 |
1 |
0 |
|a Illness, gender, and writing :
|b the case of Katherine Mansfield /
|c Mary Burgan.
|
| 246 |
1 |
8 |
|a Illness, gender & writing
|
| 264 |
|
1 |
|a Baltimore :
|b Johns Hopkins University Press,
|c 1994.
|
| 300 |
|
|
|a xxii, 217 pages :
|b portraits ;
|c 23 cm.
|
| 336 |
|
|
|a text
|b txt
|2 rdacontent
|
| 337 |
|
|
|a unmediated
|b n
|2 rdamedia
|
| 338 |
|
|
|a volume
|b nc
|2 rdacarrier
|
| 500 |
|
|
|a The Cushing Library Lit/Mitchell copy is a donation from J. Lawrence Mitchell.
|
| 500 |
|
|
|a Katherine Mansfield is a New Zealand author.
|
| 504 |
|
|
|a Includes bibliographical references (pages 193-205) and index.
|
| 505 |
0 |
|
|a Ch. 1. "'Ah! Ah! Ah!' called the grandmother": The Deaths of Children -- Ch. 2. "They discuss only the food": Body Images -- Ch. 3. "Your lovely pear tree!": The Evasions of the Closet -- Ch. 4. "Fatal -- so fatal!": Pregnancy, Miscarriage, Abortion, and Gonorrhea -- Ch. 5. "Lift my head, Katy, I can't breathe": Hysteria, Mourning, and Rebirthing the Brother -- Ch. 6. "Je ne parle pas francais": Tuberculosis and the Modalities of Perception -- Ch. 7. "I prevented you from living at all": The Gender of Care -- Conclusion: Spes Phthisica and the Lyric.
|
| 520 |
|
|
|a Katherine Mansfield is remembered for writing brilliant short stories that helped to initiate the modernist period in British fiction, and for the fact that her life - lived at a feverish pace on the fringes of Bloomsbury during the First World War - ended after a prolonged battle with pulmonary disease when she was only thirty-four years old. While her life was marred by emotional and physical afflictions of the most extreme kind, argues Mary Burgan in Illness, Gender, and Writing, her stories have seemed to exist in isolation from those afflictions - as stylish expressions of the "new," as romantic triumphs of art over tragic circumstances, or as wavering expressions of Mansfield's early feminism. In the first book to look at the continuum of a writer's life and work in terms of that writer's various illnesses, Burgan explores Katherine Mansfield's recurrent emotional and physical afflictions as the ground of her writing. Mansfield is remarkably suited to this approach, Burgan contends, because her "illnesses" ranged from such early psychological afflictions as separation anxiety, body image disturbances, and fear of homosexuality to bodily afflictions that included miscarriage and abortion, venereal disease, and tuberculosis. Offering a thorough and provocative reading of Mansfield's major texts, Illness, Gender, and Writing shows how Mansfield negotiated her illnesses and, in so doing, sheds new light on the study of women's creativity. Mansfield's drive toward self-integration, Burgan concludes, was her strategy for writing - and for staying alive.
|
| 600 |
1 |
0 |
|a Mansfield, Katherine,
|d 1888-1923
|x Criticism and interpretation.
|
| 600 |
1 |
1 |
|a Mansfield, Katherine,
|d 1888-1923
|x Health.
|
| 650 |
|
0 |
|a Feminism and literature
|z New Zealand
|x History
|y 20th century.
|
| 650 |
|
0 |
|a Women and literature
|z New Zealand
|x History
|y 20th century.
|
| 650 |
|
0 |
|a Authors, New Zealand
|y 20th century
|x Health and hygiene.
|
| 650 |
|
0 |
|a Women authors
|x Health and hygiene.
|
| 650 |
|
0 |
|a Psychoanalysis and literature.
|
| 650 |
|
0 |
|a Authorship
|x Sex differences.
|
| 600 |
1 |
0 |
|a Human body in literature.
|
| 650 |
|
0 |
|a Sex role in literature.
|
| 650 |
|
0 |
|a Women authors, New Zealand
|y 20th century
|x Health and hygiene.
|
| 650 |
|
0 |
|a Psychoanalytic interpretation.
|
| 650 |
|
0 |
|a Gender identity.
|
| 740 |
0 |
|
|a Illness, gender & writing.
|
| 999 |
|
|
|a MARS
|
| 999 |
f |
f |
|s 2e1c6946-6a9f-356e-9be6-f45b67d9789a
|i b8252164-cef9-39de-b6d0-e19abedd1ef0
|t 0
|
| 952 |
f |
f |
|p noncirc
|a Texas A&M University
|b J.J. Pickle Campus
|c High Density Repository
|d Remote Storage
|t 0
|e PR9639.3.M258 Z587 1994
|h Library of Congress classification
|i unmediated -- volume
|m A1485319997N
|
| 952 |
f |
f |
|p normal
|a Texas A&M University
|b College Station
|c Sterling C. Evans Library
|d Evans: Library Stacks
|t 0
|e PR9639.3.M258 Z587 1994
|h Library of Congress classification
|i unmediated -- volume
|m A14819169347
|
| 998 |
f |
f |
|a PR9639.3.M258 Z587 1994
|t 0
|l Remote Storage
|
| 998 |
f |
f |
|a PR9639.3.M258 Z587 1994
|t 0
|l Evans: Library Stacks
|